00789nam a2200157 a 45000010005000000030009000050080041000140400028000550820014000831000015000972450032001122600064001443000014002085050382002226500027006042799CO-ViMGA141112s2004 ck r 000 u spa d aCO-ViMGAbspacCO-ViMGA04aR383 T6511 aTola, Jose10aAtlas de las comunicaciones aSantafé de Bogotá : bPrograma educativo visual, c1993 a89 p : il aLos inicios de la comunicación : Historia Las carreteras El automovil El ferrocarril - Tren Transporte urbano Comunicación por mar - via maritima Comunicación aerea - aviación Primitivos sistemas de transmisión : - Historia Correos El telegrafo : El alfabeto Morse El telefono : - Historia La radio : - Historia La televisión : - Historia Transmisión por satelite14aCOMUNICACIONES - ATLAS